| 000 | 00780nam a22001817a 4500 | ||
|---|---|---|---|
| 008 | 121012t xxu||||| |||| 00| 0 eng d | ||
| 020 | _a0749430486 | ||
| 050 | _aHF5616.U5 T21 | ||
| 100 | _aTaylor, Felicity | ||
| 245 |
_aCareers in accountancy. / _cFelicity Taylor |
||
| 250 | _a7th ed. | ||
| 260 |
_aLondon: _bKogan Page, _cc1999. |
||
| 300 |
_avi, 72 p.: _bill.; _c21cm. |
||
| 500 | _aIncludes index. | ||
| 505 | _aContents: Introduction -- Is Accountancy the job for you? -- The Structure of the accountancy profession -- The Future of the accountancy profession -- Getting started -- Ten top tips for getting into the industry -- Qualifications available -- How, what and where to study -- Useful addresses -- Further reading. | ||
| 650 | _bAccountancy. | ||
| 942 |
_2lcc _cBK |
||
| 999 |
_c2433 _d9933 |
||